000 00715nam a22001817a 4500
003 UA-OsUOA
001 18294
007 ta
008 20040427b un ||||| |||| 00| 0 ukr d
100 _aТубіна С.
942 _cSA
040 _aUA-OsUOA
_cUA-OsUOA
_dUA-OsUOA
245 _aЕкологи стурбовані
_b[Наук. конф. "Регіональна екологічна політика : досвід та проблеми розвитку" присвячена Дню довкілля , відбулася в Рівному]
300 _aС.3
955 _a0
773 0 _w0
_tВісті Рівненщини
_dРівне
_d2004
_g№37/21 квіт./
650 7 _aКонференції
_2UDC
999 _c304465
_d304465